| 000 | 00343nam a22001457a 4500 | ||
|---|---|---|---|
| 020 | _a9788131226575 | ||
| 082 | _a617.672,M11C | ||
| 100 | _aCARR,ALAN B | ||
| 245 | _aMC CRACKEN'SREMOVABLE PARTIAL PROSTHODONTICS | ||
| 250 | _a12TH | ||
| 260 |
_aNEW DELHI _bELSEVIER _c2011 |
||
| 300 | _a385 | ||
| 650 | _aPROSTHODONTICS | ||
| 942 |
_2ddc _cBK _019 |
||
| 999 |
_c9817 _d9817 |
||